El vuelo /

Guardado en:
Autor Principal: Verbitsky, Horacio
Formato: Libro
Publicado: Buenos Aires : Planeta, 1995
Materias:
Etiquetas: Agregar Etiqueta
Sin Etiquetas, Sea el primero en etiquetar este registro!
LEADER 00715nam a22002295a 4500
001 CEM.cems008778
008 130507s1995##################000#0#####d
005 20230508092552.0
245 1 0 |a El vuelo /  |c Horacio Verbitsky 
260 |a Buenos Aires :  |b Planeta,  |c 1995 
300 |a 205 p. 
020 |a 9507426086 
100 1 |a Verbitsky, Horacio 
082 0 4 |a A863.4 
653 |a Literatura 
653 |a Literatura argentina 
653 |a Historia argentina-1976 1983 
653 |a Novelas 
653 |a Novela argentina-siglo 20 
653 |a Proceso de reorganización nacional 
859 |a CEMS  |b BIB. CEMS - 11 de abril  |h A863.4  |i V581  |p 18276.95  |t Ej.1 
859 |a CEMS  |b BIB. CEMS - 11 de abril  |h A863.4  |i V581  |p 29425.23  |t Ej.2